header

CouchDB and PHP web development beginner's guide (Record no. 181588)

MARC details
000 -LEADER
fixed length control field 01311nam a2200313 a 4500
100 1# - MAIN ENTRY--AUTHOR NAME
Personal name Juravich, Tim.
245 10 - TITLE STATEMENT
Title CouchDB and PHP web development beginner's guide
260 ## - PUBLICATION, DISTRIBUTION, ETC. (IMPRINT)
Place of publication Birmingham :
Name of publisher Packt Pub.,
Year of publication 2012.
300 ## - PHYSICAL DESCRIPTION
Number of Pages ix, 284 p. :
Other physical details ill. (some col.)
500 ## - GENERAL NOTE
General note Includes index.
General note "Learn by doing : less theory, more results"--Cover.
650 #0 - SUBJECT ADDED ENTRY--TOPICAL TERM
Topical Term Database management.
Topical Term PHP (Computer program language)
Topical Term Web site development.
856 40 - ELECTRONIC LOCATION AND ACCESS
Uniform Resource Identifier http://site.ebrary.com/lib/rucke/Doc?id=10574905

No items available.

© 2026 Rongo University
Contact us: librarian | system librarian | Rongo university